Paroles de "Je suis ton ami" de Toy Story - Statistiques

Statistiques générales
  • Ce quiz a été pris 167 fois
  • Le résultat moyen est 102 sur 141
Statistiques - réponses
Paroles % Correct
ami
100%
je
100%
Je
100%
suis
100%
Ton
100%
ton
100%
ce
98%
moi
98%
c'est
96%
C'est
96%
Oui
89%
de
87%
En
83%
en
83%
Quand
81%
tout
79%
Tout
79%
Loin
77%
loin
77%
lit
76%
que
76%
Que
76%
très
76%
vadrouille
75%
toi
72%
Toi
72%
et
71%
Et
71%
le
71%
disait
70%
vieux
70%
ça
69%
pote
69%
Tu
69%
douillet
68%
les
68%
s'embrouille
66%
64%
plus
64%
Plus
64%
est
63%
des
62%
sais
62%
on
61%
Mais
60%
toujours
58%
années
55%
comme
55%
Comme
55%
Car
54%
Rappelle-toi
54%
aussi
52%
passent
51%
solidaire
51%
fais
50%
peut-être
50%
t'aimera
50%
fort
49%
personne
49%
ne
48%
notre
47%
cas
45%
destinée
45%
sûr
45%
malin
44%
Y'a
44%
puissant
41%
pour
40%
ailleurs
39%
crois moi
33%
Si
33%
dans
27%
J'ai
26%
mêmes
25%
soucis
25%
t'as
25%
ferai
22%
quoi
22%
deux
21%
n'importe
21%
Parce
20%
bois
17%
confondu
17%
veines
15%
Aucun quiz correspondant
Distribution des résultats
% des personnes avec chaque résultat
Percentile par nombre de réponses
Votre historique - résultats
Vous n’avez pas pris ce quiz